<?xml version="1.0" encoding="UTF-8"?>
<record
    xmlns:xsi="http://www.w3.org/2001/XMLSchema-instance"
    xsi:schemaLocation="http://www.loc.gov/MARC21/slim http://www.loc.gov/standards/marcxml/schema/MARC21slim.xsd"
    xmlns="http://www.loc.gov/MARC21/slim">

  <leader>00735nam a22001577a 4500</leader>
  <controlfield tag="003">OSt</controlfield>
  <controlfield tag="005">20151008114354.0</controlfield>
  <controlfield tag="008">150918b        xxu||||| |||| 00| 0 eng d</controlfield>
  <datafield tag="040" ind1=" " ind2=" ">
    <subfield code="c">RUA</subfield>
  </datafield>
  <datafield tag="082" ind1=" " ind2=" ">
    <subfield code="a">AVM CHI 2007 B079 Or.1</subfield>
  </datafield>
  <datafield tag="100" ind1=" " ind2=" ">
    <subfield code="9">809</subfield>
    <subfield code="a">CHIM SOPHEAK</subfield>
  </datafield>
  <datafield tag="245" ind1=" " ind2=" ">
    <subfield code="a">Efficiency of agricultural improvement program on small scale chicken raissing in svay rieng province,(&#x1794;&#x17D2;&#x179A;&#x179F;&#x17B7;&#x1791;&#x17D2;&#x1792;&#x1797;&#x17B6;&#x1796;&#x1793;&#x17C3;&#x1780;&#x1798;&#x17D2;&#x1798;&#x179C;&#x17B7;&#x1792;&#x17B8;&#x1780;&#x17C2;&#x179B;&#x17C6;&#x17A2;&#x179A;&#x1794;&#x17D2;&#x179A;&#x1796;&#x17D0;&#x1793;&#x17D2;&#x1792;&#x1780;&#x179F;&#x17B7;&#x1780;&#x1798;&#x17D2;&#x1798;&#x1791;&#x17C5;&#x179B;&#x17BE;&#x1780;&#x17B6;&#x179A;&#x1785;&#x17B7;&#x1789;&#x17D2;&#x1785;&#x17B9;&#x1798;&#x1798;&#x17B6;&#x1793;&#x17CB;&#x1787;&#x17B6;&#x179B;&#x1780;&#x17D2;&#x1781;&#x178E;&#x17C7;&#x1782;&#x17D2;&#x179A;&#x17BD;&#x179F;&#x17B6;&#x179A; &#x1793;&#x17C5;&#x1781;&#x17C1;&#x178F;&#x17D2;&#x178F;&#x179F;&#x17D2;&#x179C;&#x17B6;&#x1799;&#x179A;&#x17C0;&#x1784;)</subfield>
  </datafield>
  <datafield tag="260" ind1=" " ind2=" ">
    <subfield code="a">phnom penh </subfield>
    <subfield code="b">RUA</subfield>
    <subfield code="c">2005</subfield>
  </datafield>
  <datafield tag="300" ind1=" " ind2=" ">
    <subfield code="a">xi,54p.</subfield>
    <subfield code="c">ill.</subfield>
    <subfield code="g">29cm.</subfield>
  </datafield>
  <datafield tag="942" ind1=" " ind2=" ">
    <subfield code="2">ddc</subfield>
    <subfield code="c">AGR</subfield>
  </datafield>
  <datafield tag="999" ind1=" " ind2=" ">
    <subfield code="c">781</subfield>
    <subfield code="d">781</subfield>
  </datafield>
  <datafield tag="952" ind1=" " ind2=" ">
    <subfield code="0">0</subfield>
    <subfield code="1">0</subfield>
    <subfield code="2">ddc</subfield>
    <subfield code="4">0</subfield>
    <subfield code="6">AVM_CHI_2007_000000000000000_B079_OR_1</subfield>
    <subfield code="7">0</subfield>
    <subfield code="9">3141</subfield>
    <subfield code="a">LBB</subfield>
    <subfield code="b">LBB</subfield>
    <subfield code="c">B079</subfield>
    <subfield code="d">2015-09-18</subfield>
    <subfield code="l">1</subfield>
    <subfield code="o">AVM  CHI 2007 B079 Or.1</subfield>
    <subfield code="p">RUA002702</subfield>
    <subfield code="r">2018-03-14</subfield>
    <subfield code="s">2018-03-14</subfield>
    <subfield code="w">2015-09-18</subfield>
    <subfield code="y">AVM</subfield>
  </datafield>
  <datafield tag="952" ind1=" " ind2=" ">
    <subfield code="0">0</subfield>
    <subfield code="1">0</subfield>
    <subfield code="2">ddc</subfield>
    <subfield code="4">0</subfield>
    <subfield code="6">AVM_CHI_2007_000000000000000_B079_OR_2</subfield>
    <subfield code="7">0</subfield>
    <subfield code="9">9185</subfield>
    <subfield code="a">LBB</subfield>
    <subfield code="b">LBB</subfield>
    <subfield code="c">B079</subfield>
    <subfield code="d">2015-10-08</subfield>
    <subfield code="l">2</subfield>
    <subfield code="m">1</subfield>
    <subfield code="o">AVM CHI 2007 B079 Or.2</subfield>
    <subfield code="p">RUA025227</subfield>
    <subfield code="r">2016-07-27</subfield>
    <subfield code="s">2016-07-19</subfield>
    <subfield code="w">2015-10-08</subfield>
    <subfield code="y">AGR</subfield>
  </datafield>
  <datafield tag="952" ind1=" " ind2=" ">
    <subfield code="0">0</subfield>
    <subfield code="1">0</subfield>
    <subfield code="2">ddc</subfield>
    <subfield code="4">0</subfield>
    <subfield code="6">AVM_CHI_2007_000000000000000_B079_OR_3</subfield>
    <subfield code="7">0</subfield>
    <subfield code="9">9186</subfield>
    <subfield code="a">LBB</subfield>
    <subfield code="b">LBB</subfield>
    <subfield code="c">B079</subfield>
    <subfield code="d">2015-10-08</subfield>
    <subfield code="l">5</subfield>
    <subfield code="o">AVM CHI 2007 B079 Or.3</subfield>
    <subfield code="p">rua025153</subfield>
    <subfield code="r">2023-07-05</subfield>
    <subfield code="s">2023-06-26</subfield>
    <subfield code="w">2015-10-08</subfield>
    <subfield code="y">AVM</subfield>
  </datafield>
  <datafield tag="952" ind1=" " ind2=" ">
    <subfield code="0">0</subfield>
    <subfield code="1">0</subfield>
    <subfield code="2">ddc</subfield>
    <subfield code="4">0</subfield>
    <subfield code="6">AVM_CHI_2007_000000000000000_B079_OR_4</subfield>
    <subfield code="7">0</subfield>
    <subfield code="9">9282</subfield>
    <subfield code="a">LBB</subfield>
    <subfield code="b">LBB</subfield>
    <subfield code="c">B079</subfield>
    <subfield code="d">2015-10-08</subfield>
    <subfield code="l">1</subfield>
    <subfield code="o">AVM CHI 2007 B079 Or.4</subfield>
    <subfield code="p">RUA016944</subfield>
    <subfield code="q">2016-07-06</subfield>
    <subfield code="r">2016-05-30</subfield>
    <subfield code="s">2016-05-30</subfield>
    <subfield code="w">2015-10-08</subfield>
    <subfield code="y">AGR</subfield>
  </datafield>
  <datafield tag="952" ind1=" " ind2=" ">
    <subfield code="0">0</subfield>
    <subfield code="1">0</subfield>
    <subfield code="2">ddc</subfield>
    <subfield code="4">0</subfield>
    <subfield code="6">AVM_CHI_2007_000000000000000_B079_OR_5</subfield>
    <subfield code="7">0</subfield>
    <subfield code="9">9283</subfield>
    <subfield code="a">LBB</subfield>
    <subfield code="b">LBB</subfield>
    <subfield code="c">B079</subfield>
    <subfield code="d">2015-10-08</subfield>
    <subfield code="l">4</subfield>
    <subfield code="m">1</subfield>
    <subfield code="o">AVM CHI 2007 B079 Or.5</subfield>
    <subfield code="p">RUA025312</subfield>
    <subfield code="r">2020-09-23</subfield>
    <subfield code="s">2020-06-08</subfield>
    <subfield code="w">2015-10-08</subfield>
    <subfield code="y">AGR</subfield>
  </datafield>
  <datafield tag="952" ind1=" " ind2=" ">
    <subfield code="0">0</subfield>
    <subfield code="1">0</subfield>
    <subfield code="2">ddc</subfield>
    <subfield code="4">0</subfield>
    <subfield code="6">AVM_CHI_2007_000000000000000_B079_OR_6</subfield>
    <subfield code="7">0</subfield>
    <subfield code="9">36977</subfield>
    <subfield code="a">LBB</subfield>
    <subfield code="b">LBB</subfield>
    <subfield code="c">B079</subfield>
    <subfield code="d">2016-02-03</subfield>
    <subfield code="l">1</subfield>
    <subfield code="o">AVM CHI 2007 B079 Or.6</subfield>
    <subfield code="p">RUA047756</subfield>
    <subfield code="r">2016-03-17</subfield>
    <subfield code="s">2016-02-17</subfield>
    <subfield code="w">2016-02-03</subfield>
    <subfield code="y">AGR</subfield>
  </datafield>
</record>
